00295nam a2200121Ia 4500008004100000041000800041100002200049245002600071260004100097300000800138365000800146999001900154231011s9999 xx 000 0 und d aeng aFriedman Thomas L aHot, Flat and Crowded bPenguin Books India Pvt Ltd -c2008 a438 b150 c897029d897029